| 000 | 004730000a22001810004500 | ||
|---|---|---|---|
| 003 | MACL | ||
| 005 | 20150821111828.0 | ||
| 008 | 150821b xxu||||| |||| 00| 0 eng d | ||
| 040 |
_aMACL _cMACL |
||
| 041 | _aEnglish | ||
| 082 | _a620/WAD | ||
| 100 |
_aWadhawan, Deepak _96385 |
||
| 245 |
_aReengineeting Indian Industry _bA Blueprint For Managers |
||
| 260 |
_bVirgo Publications _c1994 _aNew Delhi |
||
| 350 | _a250 | ||
| 650 |
_aEngineering _96386 |
||
| 942 |
_cBK _k620 _2ddc |
||
| 999 |
_c3318 _d3318 |
||